مكتبة جامعة عجلون الوطنية

فهرس بحث المكتبة

Normal view MARC view
  • صالح، نازك حامد علي

Entry Personal Name

Number of records used in: 1

001 - CONTROL NUMBER

  • control field: 20257

003 - CONTROL NUMBER IDENTIFIER

  • control field: JO-AjAnu

005 - DATE AND TIME OF LATEST TRANSACTION

  • control field: 20230606073527.0

008 - FIXED-LENGTH DATA ELEMENTS

  • fixed length control field: 230606|| aca||aabn | a|a d

040 ## - CATALOGING SOURCE

  • Original cataloging agency: JO-AjAnu
  • Transcribing agency: JO-AjAnu

100 ## - HEADING--PERSONAL NAME

  • Personal name: صالح، نازك حامد علي

670 ## - SOURCE DATA FOUND

  • Source citation: Work cat.: (JO-AjAnu)10401: صالح، نازك حامد علي, author, مشاريع الدعم الذاتي: الاوضاع الاجتماعية والاقتصادية للاسر المستفيدة من مشاريع الدعم الذاتي في المخيمات الفلسطينية في الاردن: دراسة تقويمية ميدانية